| 000 | 00790nam a22002297a 4500 | ||
|---|---|---|---|
| 005 | 20130723163806.0 | ||
| 010 | _aENG-105259 | ||
| 020 |
_a9788120345713 _c350.00 |
||
| 035 | _aEN-88792 | ||
| 035 | _aB-491472 | ||
| 037 | _bDBAD/PUB | ||
| 037 |
_bLiteracy House/Ven _adpl |
||
| 082 | _a881.08 | ||
| 245 |
_aIndian poetry in English : _cedited by Zinia Mitra _bcritical essays / |
||
| 260 |
_aNew Delhi _bPHI Learning _c2012 |
||
| 270 |
_aM-97, Connaught Circus _bNew Delhi _e110001 |
||
| 300 |
_axvi,455p. _c23cm(pbk) |
||
| 500 | _aIncludes bibliographical references and index | ||
| 700 |
_aMitra, Zinia _947064 |
||
| 942 |
_2ddc _cEN _h881.08 _mIND |
||
| 999 |
_c66576 _d66576 |
||